书目信息 |
| 题名: |
中国武汉房地产发展报告
|
|
| 作者: | 黄志刚 主编 | |
| 分册: | No. 1(2006) | |
| 出版信息: | 北京 社会科学文献出版社 2006 |
|
| 页数: | 610页 | |
| 开本: | 24cm | |
| 丛书名: | 皮书系列 | |
| 单 册: | ||
| 中图分类: | F299.233 | |
| 科图分类: | ||
| 主题词: | 房地产业 , 房地产业--白皮书--武汉市--2006 | |
| 电子资源: | ||
| ISBN: | 7-80230-327-3 | |
| 000 | 01145oam2 2200301 450 | |
| 001 | 070730000462 | |
| 005 | 20071016102516.21 | |
| 010 | @a7-80230-327-3@dCNY68.00 | |
| 035 | @a003324423 | |
| 100 | @a20060529d2006 em y0chiy0110 ea | |
| 101 | 0 | @achi |
| 102 | @aCN@b110000 | |
| 105 | @aa z 000yy | |
| 200 | 1 | @a中国武汉房地产发展报告@Azhong guo wu han fang di chan fa zhan bao gao@hNo. 1(2006)@dReports on the development of Wuhan's real estate, China@hNo. 1(2006)@f黄志刚主编@zeng |
| 210 | @a北京@c社会科学文献出版社@d2006 | |
| 215 | @a610页@c图@d24cm@e1光盘 | |
| 225 | 2 | @a皮书系列 |
| 300 | @a武汉房地产蓝皮书 | |
| 307 | @a附光盘:ISBN7-900198-46-6 | |
| 330 | @a本书由“总报告”、“专题报告”、“政策篇”、“区域篇”、“评价篇”、“营销篇”等八部分组成,详细介绍了武汉房地产的发展状况。 | |
| 461 | 0 | @1001002402264@12001 @a皮书系列 |
| 510 | 1 | @aReports on the development of Wuhan's real estate, China@hNo. 1(2006)@zeng |
| 606 | 0 | @a房地产业 |
| 606 | 0 | @a房地产业@x白皮书@y武汉市@z2006 |
| 690 | @aF299.233@v4 | |
| 701 | 0 | @a黄志刚@Ahuang zhi gang@c(国民经济)@4主编 |
| 801 | 0 | @aCN@c20071016 |
| 905 | @dF299.233@eH922 | |
| 中国武汉房地产发展报告.No. 1(2006)=Reports on the development of Wuhan's real estate, China.No. 1(2006)/黄志刚主编.-北京:社会科学文献出版社,2006 |
| 610页:图;24cm+1光盘.-(皮书系列) |
| 武汉房地产蓝皮书 |
| ISBN 7-80230-327-3:CNY68.00 |
| 本书由“总报告”、“专题报告”、“政策篇”、“区域篇”、“评价篇”、“营销篇”等八部分组成,详细介绍了武汉房地产的发展状况。 |
| ● |
| 相关链接 |
|
|
|
正题名:中国武汉房地产发展报告
索取号:F299.233/H922
 
预约/预借
| 序号 | 登录号 | 条形码 | 馆藏地/架位号 | 状态 | 备注 |
| 1 | 651085 | 206510854 | 社科库409/409社科库 110排2列3层/ [索取号:F299.233/H922] | 在馆 |